<?xml version="1.0" encoding="UTF-8"?>
<OAI-PMH xsi:schemaLocation="http://www.openarchives.org/OAI/2.0/ http://www.openarchives.org/OAI/2.0/OAI-PMH.xsd" xmlns="http://www.openarchives.org/OAI/2.0/" xmlns:xsi="http://www.w3.org/2001/XMLSchema-instance"><responseDate>2026-07-04T07:32:58Z</responseDate><request metadataPrefix="MARC21-xml" verb="GetRecord" identifier="oai:dnb.de/authorities/1289257272">https://services.dnb.de/oai/repository</request><GetRecord xsi:schemaLocation="http://www.loc.gov/MARC21/slim http://www.loc.gov/standards/marcxml/schema/MARC21slim.xsd"><record><header><identifier>oai:dnb.de/authorities/1289257272</identifier><datestamp>2025-03-18T23:35:06Z</datestamp><setSpec>authorities</setSpec></header><metadata><record type="Authority" xmlns="http://www.loc.gov/MARC21/slim">
    <leader>00000xz  a2200000oc 4500</leader>
    <controlfield tag="001">1289257272</controlfield>
    <controlfield tag="003">DE-101</controlfield>
    <controlfield tag="005">20250319003506.0</controlfield>
    <controlfield tag="008">230512n||aznnnaabn           | aaa    |c</controlfield>
    <datafield tag="024" ind1="7" ind2=" ">
      <subfield code="a">1289257272</subfield>
      <subfield code="2">gnd</subfield>
    </datafield>
    <datafield tag="035" ind1=" " ind2=" ">
      <subfield code="a">(DE-101)1289257272</subfield>
    </datafield>
    <datafield tag="035" ind1=" " ind2=" ">
      <subfield code="a">(DE-588)1289257272</subfield>
    </datafield>
    <datafield tag="040" ind1=" " ind2=" ">
      <subfield code="b">ger</subfield>
      <subfield code="d">9999</subfield>
    </datafield>
    <datafield tag="042" ind1=" " ind2=" ">
      <subfield code="a">gnd3</subfield>
    </datafield>
    <datafield tag="075" ind1=" " ind2=" ">
      <subfield code="b">p</subfield>
      <subfield code="2">gndgen</subfield>
    </datafield>
    <datafield tag="079" ind1=" " ind2=" ">
      <subfield code="a">g</subfield>
    </datafield>
    <datafield tag="682" ind1=" " ind2=" ">
      <subfield code="i">Umlenkung</subfield>
      <subfield code="0">(DE-101)1289062196</subfield>
      <subfield code="0">(DE-588)1289062196</subfield>
      <subfield code="0">https://d-nb.info/gnd/1289062196</subfield>
      <subfield code="a">Denny, Peletier</subfield>
    </datafield>
  </record></metadata></record></GetRecord></OAI-PMH>